Sexualidad y cuidados : Reproducción, anticoncepción, infecciones de transmisión sexual, VIH y Sida. Material de apoyo para el trabajo cara a cara /

Guardado en:
Autor Corporativo: Argentina. Ministerio de Salud. Presidencia de la Nación.
Formato: Objeto Físico
Idioma:Spanish
Publicado: Buenos Aires : Ministerio de Salud. Presidencia de la Nación, 2008
Series:Sexualidad y Cuidados
Materias:
VIH
Etiquetas: Agregar Etiqueta
Sin Etiquetas, Sea el primero en etiquetar este registro!
LEADER 01551nrm a22002655a 4500
001 CEM.cems020844
008 240227s2008####ag#---############vlspa#d
005 20240304092731.0
245 1 0 |a Sexualidad y cuidados :  |b Reproducción, anticoncepción, infecciones de transmisión sexual, VIH y Sida. Material de apoyo para el trabajo cara a cara /  |c Argentina. Ministerio de Salud. Presidencia de la Nación. 
260 |a Buenos Aires :  |b Ministerio de Salud. Presidencia de la Nación,  |c 2008  |e (Buenos Aires) 
300 |a 17 p. 
490 1 |a Sexualidad y Cuidados 
500 |a El presente material es un rotafolio conformado por 17 láminas. 
505 0 |a Heterosexual -- drogas -- prejuicios -- sexo -- prevención -- sida -- preservativo -- IS -- Sida -- homosexualidad -- VIH -- sífilis -- sexualidad -- reproducción -- ¿tenemos prejuicios? -- Cuerpo femenino y cuerpo masculino -- Reproducción humano -- Métodos anticonceptivos -- Infecciones de Transmisión Sexual -- Virus de Inmunodeficiencia Humana -- ¿Cómo puede entrar en nuestro cuerpo? -- Síndrome Inmuno Deficiencia Adquirida -- Como prevenirnos del VIH -- Test de VIH 
710 2 |a Argentina. Ministerio de Salud. Presidencia de la Nación. 
653 |a Colección Recursos Didácticos ESI 
653 |a Educación Sexual Integral 
653 |a VIH 
653 |a Sida 
653 |a Género 
653 |a Sexualidad 
653 |a Reproducción 
653 |a Rotafolio 
653 |a Enfermedades de Transmisión Sexual 
859 |a CEMS  |b BIB. CEMS - 11 de abril  |h RecursoESI  |p 29873.24  |t Ej.1